Statistics for Terraria Boss Health

Click here to take the quiz!

General Stats

  • This quiz has been taken 42 times
  • The average score is 2 of 19

Answer Stats

BossHealth% Correct
King Slime2000
79%
Eye Of Cthulhu2800
51%
Wall Of Flesh8000
31%
Plantera30000
21%
Duke Fishron50000
10%
Brain Of Cthulhu1000
8%
Retinazer20000
8%
The Twins: Spazmatism23000
5%
Lunatic Cultist32000
5%
Moon Lord145000
3%
Lepus20000
3%
Queen Bee3400
3%
Skeletron With Arms5600
3%
Turkor The Ungrateful17000
0%
Ocram35000
0%
Golem39000
0%
Skeletron Prime With Arms59000
0%
The Destroyer: Console60000
0%
Eater Of Worlds7485
0%

Score Distribution

Percentile by Number Answered

Percent of People with Each Score

Your Score History

You have not taken this quiz